000 00619nam a2200217Ia 4500
003 OSt
005 20220926045022.0
006 a|||||r|||| 00| 0
007 ta
008 220923b |||||||| |||| 00| 0 eng d
037 _cGeneral Book
040 _aRTL
_cRTL
_beng
041 _2eng
_aeng
082 _aY491-7677a.N55, J8
100 _aCoult L H
_9349766
245 0 _aAnannotated research bb. of studies in rabic eng & french of the fellah of the egyptiannile
260 _c1958
300 _a144p
_ccm.
942 _hY491-7677a.N55, J8
_cGB
_2CC
999 _c676489
_d676489